The house of the seven gables (Record no. 549231)

000 -LEADER
fixed length control field 00430nam a22001457a 4500
082 ## - DEWEY DECIMAL CLASSIFICATION NUMBER
Classification number 813
Author Mark HAW
-- L-29, P-21
100 ## - MAIN ENTRY--PERSONAL NAME
Personal name Hawthrone, Nathaniel
9 (RLIN) 45777
245 ## - TITLE STATEMENT
Title The house of the seven gables
Statement of responsibility, etc. Hawthrone, Nathaniel
260 ## - PUBLICATION, DISTRIBUTION, ETC.
Place of publication, distribution, etc. USA
Name of publisher, distributor, etc. Collier books
Date of publication, distribution, etc. 1962
300 ## - PHYSICAL DESCRIPTION
Extent 288 p.
Other physical details ill.
Dimensions 19 cm
526 ## - STUDY PROGRAM INFORMATION NOTE
Program name 0
Interest level 0
Reading level 0
Title point value 813_000000000000000_HAW
526 ## - STUDY PROGRAM INFORMATION NOTE
Program name 0
Interest level 0
Reading level 0
Title point value 813_000000000000000_HAW
650 ## - SUBJECT ADDED ENTRY--TOPICAL TERM
Topical term or geographic name entry element MCE
9 (RLIN) 379
942 ## - ADDED ENTRY ELEMENTS (KOHA)
Source of classification or shelving scheme
Koha item type Book
Holdings
Withdrawn status Lost status Source of classification or shelving scheme Damaged status Not for loan Permanent Location Current Location Date acquired Total Checkouts Full call number Barcode Date last seen Date last checked out Price effective from Koha item type
          Military College of Engineering (MCE) Military College of Engineering (MCE) 09/19/2014 2 813 HAW MCE-2556 10/16/2019 10/08/2019 09/19/2014 Book
          Military College of Engineering (MCE) Military College of Engineering (MCE) 09/19/2014   813 HAW MCE-2636 09/19/2014   09/19/2014 Book
© 2023 Central Library, National University of Sciences and Technology. All Rights Reserved.